Derrière le niqab : 10 ans d'enquête sur les femmes qui ont porté et enlevé le voile intégral (notice n° 2186471)

détails MARC
000 -LEADER
fixed length control field 01670cam a2200133 4500500
005 - DATE AND TIME OF LATEST TRANSACTION
control field 20260405064233.0
041 ## - LANGUAGE CODE
Language code of text/sound track or separate title fre
042 ## - AUTHENTICATION CODE
Authentication code dc
100 10 - MAIN ENTRY--PERSONAL NAME
Personal name De Féo, Agnès
Relator term author
245 00 - TITLE STATEMENT
Title Derrière le niqab : 10 ans d'enquête sur les femmes qui ont porté et enlevé le voile intégral
260 ## - PUBLICATION, DISTRIBUTION, ETC.
Name of publisher, distributor, etc. Armand Colin,<br/>
Date of publication, distribution, etc. 2020.<br/>
520 ## - SUMMARY, ETC.
Summary, etc. "Accoutrement obscène et dégradant", "négation de soi", "atteinte à la dignité humaine", "emblème du statut inférieur de la femme en islam", "symbole d’oppression", le niqab s’est vu dénoncé par des intellectuels, journalistes ou politiciens français en prologue à son interdiction par la loi votée le 11 octobre 2010. Un certain nombre de personnes dans notre société ont exprimé leur répulsion pour ces "fantômes en noir", Batman et autres Belphégor, allant jusqu’à les insulter sans avoir eu le moindre contact verbal avec ces femmes. Mais qui se cache derrière ce tissu voué aux gémonies ? La sociologue Agnès De Féo met à profit ses dix ans d’enquête sur les usagères du niqab en France pour nous permettre de découvrir leurs motivations profondes, loin des clichés réducteurs que leur opposent leurs détracteurs. Certaines se sont radicalisées en rejoignant la Syrie ou l’Irak, d’autres ont abandonné le niqab et jusqu’à la pratique de l’islam. Ce livre, préfacé par Olivier Roy, politologue spécialiste de l’islam, transcende les apparences et nous offre une plongée dans l’intimité insoupçonnée de celles qui ont fait trembler la République.
856 41 - ELECTRONIC LOCATION AND ACCESS
Uniform Resource Identifier <a href="https://shs.cairn.info/derriere-le-niqab--9782200629434?lang=fr&redirect-ssocas=7080">https://shs.cairn.info/derriere-le-niqab--9782200629434?lang=fr&redirect-ssocas=7080</a>

Pas d'exemplaire disponible.

PLUDOC

PLUDOC est la plateforme unique et centralisée de gestion des bibliothèques physiques et numériques de Guinée administré par le CEDUST. Elle est la plus grande base de données de ressources documentaires pour les Étudiants, Enseignants chercheurs et Chercheurs de Guinée.

Adresse

627 919 101/664 919 101

25 boulevard du commerce
Kaloum, Conakry, Guinée

Réseaux sociaux

Powered by Netsen Group @ 2025